| 000 | 01029nam a2200241 a 4500 | ||
|---|---|---|---|
| 003 | OSt | ||
| 005 | 20210604111726.0 | ||
| 008 | 840511s1983 ck b 001 0 spa | ||
| 020 | _a8482722670 | ||
| 040 |
_aDLC _cCO-JMCR |
||
| 041 | 0 | _aspa | |
| 082 | 0 | 4 |
_a344.86101891 / _bB389c _223 |
| 100 | 1 |
_aBecerra Toro, Rodrigo. _eautor _938128 |
|
| 245 | 1 | 3 |
_aEl contrato individual de trabajo / _cRodrigo Becerra Toro |
| 260 |
_aBogotá : _bEditorial Temis Librería, _c1983. |
||
| 300 |
_axvii, 190 páginas _c20 cm. |
||
| 504 | _aBibliografía : páginas [179]-180. | ||
| 505 | 0 | _aNoción. Formas de la actividad. Historia. Fuentes de trabajo. -- Evolución del derecho del trabajo. -- Noción filosófica de las relaciones de trabajo. -- Suspensión y revisión del contrato de trabajo. -- Modos de extinguirse el contrato individual de trabajo. -- La prescripción en materia laboral. | |
| 650 | 1 | 4 |
_aContrato laboral _938129 |
| 650 | 2 | 4 |
_aContrato laboral _938130 |
| 650 | 2 | 4 |
_aRelaciones de trabajo. _938131 |
| 942 |
_2ddc _cBK |
||
| 999 |
_c11882 _d11882 |
||